Chaînes de mots - Logique - Statistiques

Statistiques générales
  • Ce quiz a été pris 34 fois
  • Le résultat moyen est 7 sur 25
Statistiques - réponses
Indice Mots en chaîne % Correct
N _ Z NEZ
96%
P _ _ _ _ _ N POISSON
85%
O _ _ _ R ODEUR
63%
M _ R MER
41%
É _ _ T ÉTAT
37%
C _ _ _ N CLOWN
33%
A _ _ _ _ _ _ _ _ E ATLANTIQUE
30%
C _ _ C CHOC
30%
O _ _ _ N OCÉAN
30%
D_ _ _ T DROIT
26%
C _ _ F CHEF
22%
T _ _ _ E TERRE
22%
É _ _ _ _ _ _ N ÉLECTION
19%
M _ _ _ _ _ _ E MAUVAISE
19%
O _ _ E ONDE
19%
V _ _ E VOTE
19%
G _ _ _ _ _ _ _ _ E GÉOGRAPHIE
15%
L _ _ _ E LIVRE
15%
C _ _ _ L CIVIL
11%
H _ _ _ _ _ _ E HISTOIRE
11%
P _ _ _ _ _ _ _ T PRÉSIDENT
11%
P _ _ _ _ _ _ S PYRÉNÉES
7%
C _ _ _ _ _ E CUISINE
4%
R _ _ _ _ _ E RECETTE
4%
M _ _ _ _ _ _ E MONTAGNE
0%
Aucun quiz correspondant
Distribution des résultats
% des personnes avec chaque résultat
Percentile par nombre de réponses
Votre historique - résultats
Vous n’avez pas pris ce quiz